Основы научных исследований (Общий курс): учебное пособие для вузов

Xehetasun bibliografikoak
Egile nagusia: Космин В. В. Владимир Витальевич
Gaia:Учебное пособие знакомит читателя с сущностью и функциями науки, основными понятиями научного исследования, методами получения знаний и их формами, процессом научного исследования, в том числе сбором информации и ее обработкой, проведением экспериментальных исследований, а также с понятием защиты интеллектуальной собственности и ее экономической оценкой, системой подготовки и аттестации научных кадров. Предназначено для студентов вузов, аспирантов, соискателей и начинающих исследователей, а также может быть полезно заказчикам и инвесторам научных исследований и производственникам, участвующим в них.
Hizkuntza:errusiera
Argitaratua: Москва, РИОР, 2014
Edizioa:2-е изд.
Saila:Высшее образование: Магистратура
Gaiak:
Formatua: MixedMaterials Liburua
KOHA link:https://koha.lib.tpu.ru/cgi-bin/koha/opac-detail.pl?biblionumber=241751

MARC

LEADER 00000nam0a2200000 4500
001 241751
005 20231031210027.0
010 |a 9785369012659 
010 |a 978-5-16-009013-9 
035 |a (RuTPU)RU\TPU\book\263038 
090 |a 241751 
100 |a 20130819d2014 m y0rusy50 ca 
101 0 |a rus 
102 |a RU 
105 |a a j 001zy 
200 1 |a Основы научных исследований (Общий курс)  |e учебное пособие для вузов  |f В. В. Космин 
205 |a 2-е изд. 
210 |a Москва  |c РИОР  |c Инфра-М  |d 2014 
215 |a 214 с.  |c ил. 
225 1 |a Высшее образование: Магистратура 
320 |a Библиогр.: с. 210-211. 
330 |a Учебное пособие знакомит читателя с сущностью и функциями науки, основными понятиями научного исследования, методами получения знаний и их формами, процессом научного исследования, в том числе сбором информации и ее обработкой, проведением экспериментальных исследований, а также с понятием защиты интеллектуальной собственности и ее экономической оценкой, системой подготовки и аттестации научных кадров. Предназначено для студентов вузов, аспирантов, соискателей и начинающих исследователей, а также может быть полезно заказчикам и инвесторам научных исследований и производственникам, участвующим в них. 
606 1 |a Научно-исследовательская работа  |2 stltpush  |3 (RuTPU)RU\TPU\subj\45140 
610 1 |a научные исследования 
610 1 |a наука 
610 1 |a научные знания 
610 1 |a научная информация 
610 1 |a сбор 
610 1 |a методы 
610 1 |a экспериментальные исследования 
610 1 |a прогнозирование 
610 1 |a изобретательство 
610 1 |a интеллектуальная собственность 
610 1 |a научные кадры 
610 1 |a аттестация 
610 1 |a Российская Федерация 
610 1 |a учебные пособия 
686 |a Ч215я73  |v LBC/SL-A  |2 rubbk 
700 1 |a Космин  |b В. В.  |g Владимир Витальевич 
801 1 |a RU  |b 63413507  |c 20130819 
801 2 |a RU  |b 63413507  |c 20150629  |g RCR 
900 |a Основы научных исследований 
942 |c BK 
955 |l 8 
959 |a 109/20130819  |d 2  |e 299,90  |f ЧЗГЛ:1  |f АНЛ:1